Estatísticas para Seychelles

Clique aqui para jogar o quiz

Estatísticas Gerais

  • Esse quiz foi jogado 7 vezes
  • A pontuação média é 7 de 12

Estatísticas das Respostas

HintResposta% Correto
Onde fica?África
100%
Em que oceano ficam?Índico
100%
Qual é o seu idioma?Inglês
100%
De que país é independente?Reino Unido
100%
Qual é o seu tipo de clima?Tropical
100%
Qual é a sua religião?Cristianismo
71%
Qual é a sua capital?Vitória
71%
Por quantas ilhas é constituído o país?115
14%
Em que ilha se localiza a capital do país?Mahé
14%
Qual é a sua moeda?Rupia das Seicheles
14%
Com que país faz fronteira a Sul?Ilhas Gloriosas
0%
Com que país faz fronteira a Sudeste?Maurícias
0%

Distribuição das Pontuações

Percentil de Números Respondidos

Porcentagem de Pessoas com Cada Pontuação

Sua Pontuação Histórica

Você não jogou esse quiz